000 00350nam a2200145Ia 4500
008 230718s9999 xx 000 0 und d
041 _aEng.
082 _a34302
_bMUS-F
100 _aMussaing Meiza Munawar
245 0 _aFederal taxes in Pouston
260 _aPakistan
_bJaspel brdines fully
_c2004
300 _a238
650 _aLaw
999 _c28703
_d28703